00698nam a2200169 a 450000100100000000500170001000800410002704000250006810000260009324500980011926000650021730000210028250000630030370000340036695201110040099900170051100003942120201002031637.0130626s1966 ag 000 0 spa d aDO-SdBNPbspacBNPHU1 aFurtado, Celso94724110aSubdesarrollo y estancamiento en América Latina /cCelso Furtado ; traductor Samira Chuahy. aArgentina :bEditorial Universitaria de Buenos Aires,c1966. a135 p. ;c19 cm. aIncluye datos biográficos del autor en la contracubierta1 aChuahy, Samira,etrad.965618 001054708MOaGRbGRcCTd2013-06-26iLF1l0o p39421-10r2020-06-25w2020-06-25y4ZPréstamo en sala c38911d38911